Geschichte des Vereins Für Sozialpolitik 1872-1932 : Im Auftrage des Liquidationsausschusses Verfaßt Vom Schriftführer. (Schriften des Vereins Für Sozialpolitik, Band 188).

Bibliographic Details
Main Author: Boese, Franz.
Format: eBook
Language:German
Published: Berlin : Duncker & Humblot, 2013.
Edition:1st ed.
Series:Duncker and Humblot Reprints Series
Subjects:
Online Access:Click to View
LEADER 04002nam a22003973i 4500
001 EBC7101183
003 MiAaPQ
005 20240729202203.0
006 m o d |
007 cr cnu||||||||
008 240729s2013 xx o ||||0 ger d
020 |a 9783428561650  |q (electronic bk.) 
020 |z 9783428161652 
035 |a (MiAaPQ)EBC7101183 
035 |a (Au-PeEL)EBL7101183 
035 |a (OCoLC)1347026363 
040 |a MiAaPQ  |b eng  |e rda  |e pn  |c MiAaPQ  |d MiAaPQ 
100 1 |a Boese, Franz. 
245 1 0 |a Geschichte des Vereins Für Sozialpolitik 1872-1932 :  |b Im Auftrage des Liquidationsausschusses Verfaßt Vom Schriftführer. (Schriften des Vereins Für Sozialpolitik, Band 188). 
250 |a 1st ed. 
264 1 |a Berlin :  |b Duncker & Humblot,  |c 2013. 
264 4 |c {copy}1939. 
300 |a 1 online resource (339 pages) 
336 |a text  |b txt  |2 rdacontent 
337 |a computer  |b c  |2 rdamedia 
338 |a online resource  |b cr  |2 rdacarrier 
490 1 |a Duncker and Humblot Reprints Series 
505 0 |a Intro -- Inhaltsverzeichnis -- I. Die Gründung -- 1. Die Eisenacher Tagung von 1872 -- 2. Die Eisenacher Tagung von 1873 -- II. Die Epoche von 1874 bis 1879 -- 3. Die Eisenadier Tagung von 1874 -- 4. Die Eisenadier Tagung von 1875 -- 5. Die Bremer Generalversammlung von 1876 und die Berliner Tagung von 1877 -- 6. Die Frankfurter Tagung von 1879 -- III. Die Epoche von 1880 bis 1890 -- 7. Die Frankfurter Tagung von 1882 -- 8. Die Frankfurter Tagung von 1884 -- 9. Die Frankfurter Tagung von 1886 -- 10. Die Frankfurter Tagung von 1888 -- IV. Die Epoche von 1890 bis 1905 -- 11. Die Frankfurter Tagung von 1890 -- 12. Die Berliner Tagung vom Frühjahr 1893 -- 13. Die erste Wiener Tagung vom Herbst 1894 -- 14. Die Kölner Jubiläumstagung von 1897 -- 15. Die Breslauer Tagung von 1899 -- 16. Die Münchener Tagung von 1901 -- 17. Die Hamburger Tagung von 1903 -- 18. Die Mannheimer Tagung von 1905 -- V. Die Epoche von 1906 bis 1914 -- 19. Die Magdeburger Tagung von 1907 -- 20. Die zweite Wiener Tagung von 1909 -- 21. Die Nürnberger Tagung von 1911 -- 22. Die Vorbereitungen für eine Düsseldorfer Tagung von 1914. Die Werturteilsdiskussion -- VI. Die Kriegszeit -- 23. Die Erörterung über eine Zollannäherung zwischen den verbündeten Mächten von 1916 -- 24. Die Erörterung über die Neuordnung der deutschen Finanzwirtsdiaft -- VII. Die Epoche von 1919 bis 1932 -- 25. Die Regensburger Tagung von 1919 -- 26. Die Kieler Tagung von 1920 -- 27. Die Eisenacher Jubiläumstagung von 1922 -- 28. Die Stuttgarter Tagung von 1924 -- 29. Die dritte Wiener Tagung von 1926 -- 30. Die Züricher Tagung von 1928 -- 31. Die Königsberger Tagung von 1930 -- 32. Die Dresdener Tagung von 1932 -- Anhang -- I. Die Einladung zur Eisenacher Versammlung von 1872 -- II. Liste der Teilnehmer an der Eisenacher Versammlung von 1872 -- III. Aufruf zur Gründung eines Vereins für Sozialpolitik. 
505 8 |a IV. Aus der Eröffnungsrede Schmöllers nach seiner Wahl zum Vereinsvorsitzenden auf der Frankfurter Tagung von 1890 -- V. Schmöllers Eröffnungsrede zum 25 jährigen Bestehen des Vereins auf der Kölner Tagung von 1897 -- VI. Vertrauliches Rundschreiben Schmöllers von 1906 -- VII. Vereinsdrucksachen aus letzter Zeit -- Personenverzeichnis -- Verzeichnis der Schriften des Vereins für Sozialpolitik. 
588 |a Description based on publisher supplied metadata and other sources. 
590 |a Electronic reproduction. Ann Arbor, Michigan : ProQuest Ebook Central, 2024. Available via World Wide Web. Access may be limited to ProQuest Ebook Central affiliated libraries.  
655 4 |a Electronic books. 
776 0 8 |i Print version:  |a Boese, Franz  |t Geschichte des Vereins Für Sozialpolitik 1872-1932  |d Berlin : Duncker & Humblot,c2013  |z 9783428161652 
797 2 |a ProQuest (Firm) 
830 0 |a Duncker and Humblot Reprints Series 
856 4 0 |u https://ebookcentral.proquest.com/lib/matrademy/detail.action?docID=7101183  |z Click to View